Del rostro / (Record no. 16631)

MARC details
000 -LEADER
campo de control de longitud fija 00875nam a2200301 i 4500
001 - NÚMERO DE CONTROL
campo de control 16631
003 - IDENTIFICADOR DE NÚMERO DE CONTROL
campo de control ES-MaACL
005 - FECHA Y HORA DE LA ÚLTIMA TRANSACCIÓN
campo de control 20250707071752.0
007 - CAMPO FIJO DE DESCRIPCIÓN FÍSICA--INFORMACIÓN GENERAL
campo de control de longitud fija t|
008 - DATOS DE LONGITUD FIJA--INFORMACIÓN GENERAL
campo de control de longitud fija 001020s1999 sp ||||0| spa j
020 ## - NÚMERO INTERNACIONAL ESTÁNDAR DEL LIBRO
Número Internacional Estándar del Libro 84-89846-76-6
040 ## - FUENTE DE CATALOGACIÓN
Centro catalogador/agencia de origen M-BN
Lengua de catalogación spa
Centro/agencia transcriptor M-BN
080 ## - NÚMERO DE LA CLASIFICACIÓN DECIMAL UNIVERSAL
Número de la Clasificación Decimal Universal 611.92
080 ## - NÚMERO DE LA CLASIFICACIÓN DECIMAL UNIVERSAL
Número de la Clasificación Decimal Universal 616.31-009.7
100 1# - ENTRADA PRINCIPAL--NOMBRE DE PERSONA
Nombre de persona Cole, Jonathan.
9 (RLIN) 39566
245 10 - MENCIÓN DEL TÍTULO
Título Del rostro /
Mención de responsabilidad, etc. Jonathan Cole ; traducción, Catalina Martínez Muñoz.
250 ## - MENCION DE EDICION
Mención de edición 1ª ed.
260 ## - PUBLICACIÓN, DISTRIBUCIÓN, ETC.
Lugar de publicación, distribución, etc. Barcelona :
Nombre del editor, distribuidor, etc. Alba,
Fecha de publicación, distribución, etc. 1999.
300 ## - DESCRIPCIÓN FÍSICA
Extensión 358 p. ;
Dimensiones 22 cm.
490 1# - MENCIÓN DE SERIE
Mención de serie A trayectos. Serie Lecturas ;
Designación de volumen o secuencia 7
650 14 - PUNTO DE ACCESO ADICIONAL DE MATERIA--TÉRMINO DE MATERIA
Término de materia o nombre geográfico como elemento de entrada Cara-
Subdivisión general Anatomía.
9 (RLIN) 10770
650 14 - PUNTO DE ACCESO ADICIONAL DE MATERIA--TÉRMINO DE MATERIA
Término de materia o nombre geográfico como elemento de entrada Cara-
Subdivisión general Enfermedades.
9 (RLIN) 10772
700 1# - ENTRADA AGREGADA--NOMBRE PERSONAL
Nombre de persona Martínez Muñoz, Catalina.
9 (RLIN) 78271
830 0# - PUNTO DE ACCESO ADICIONAL DE SERIE-TÍTULO UNIFORME
Título uniforme A trayectos
Designación de volumen o secuencia 7
9 (RLIN) 189000
852 ## - LOCALIZACIÓN
Ubicación ES-MaACL
Número de control de estantería L-23673
Sublocalización o colección R.128422
Holdings
Estatus retirado Estado de pérdida Estado de daño No para préstamo Biblioteca de origen Biblioteca actual Ubicación en estantería Fecha de adquisición Fuente de adquisición Total de préstamos Signatura topográfica completa Código de barras Visto por última vez Precio de reemplazo Tipo de ítem Koha
        Biblioteca del Ateneo de Madrid Biblioteca del Ateneo de Madrid Depósito 2 17/01/2008     L-23673 1016893 23/02/2023 23/02/2023 Libro impreso